LANDSCAPE DETAILING VOLL- I ENCLOSURE IIIRD EDTION. (Record no. 855552)

MARC details
000 -LEADER
fixed length control field 00339nam a2200133Ia 4500
008 - FIXED-LENGTH DATA ELEMENTS--GENERAL INFORMATION
fixed length control field 230822s1999 xx 000 0 und d
020 ## - INTERNATIONAL STANDARD BOOK NUMBER
International Standard Book Number 81-239-0298-0
041 ## - LANGUAGE CODE
Language code of text/sound track or separate title eng
082 ## - DEWEY DECIMAL CLASSIFICATION NUMBER
Classification number 910.2
100 ## - MAIN ENTRY--PERSONAL NAME
Personal name LITTLEWOOD M.
245 ## - TITLE STATEMENT
Title LANDSCAPE DETAILING VOLL- I ENCLOSURE IIIRD EDTION.
260 ## - PUBLICATION, DISTRIBUTION, ETC.
Name of publisher, distributor, etc. C.B.S PUBLISHERS
Date of publication, distribution, etc. 1999
300 ## - PHYSICAL DESCRIPTION
Extent 193

No items available.